| 000 | 01082nas a2200337 4500 | ||
|---|---|---|---|
| 001 | BR2016002198 | ||
| 003 | BR-BrBNA | ||
| 005 | 20231205130438.0 | ||
| 007 | ta | ||
| 008 | 230509b bl.|||p| |||| 00| 00por d | ||
| 040 |
_aBR-BrBNA _bpor _cBiblioteca Nacional de Agricultura |
||
| 041 | _a(Pt) | ||
| 072 | _aL74 | ||
| 100 | 1 | _aMedeiros, L.F.D. | |
| 100 | 1 | _aRodrigues, V.C. | |
| 100 | 1 | _aVieira, D.H. | |
| 100 | 1 | _aSouza, S.L.G. de | |
| 100 | 1 | _aCabral Neto, O. | |
| 100 | 1 | _aOliveira, C.A. de | |
| 100 | 1 | _aSilva, L. de A. da | |
| 100 | 1 | _aFigueiredo, N. de | |
| 100 | 1 | _aAzevedo, S.F. de | |
| 245 | 1 | _aDeterminação dos parâmetros fisiológicos, gradiente térmico e índice de tolerância ao calor em diferentes raças de caprinos | |
| 650 | _aCAPRINO | ||
| 650 | _aTEMPERATURA DO CORPO | ||
| 650 | _aSTRESS | ||
| 650 | _aDISTURBIO FISIOLOGICO | ||
| 773 | 0 |
_tRevista Brasileira de Medicina Veterinária (Brazil) _xISSN 0100-2430 _g(Oct-Dec 2015), v. 37(4) p. 275-285 _wBR2016002198 |
|
| 909 |
_a202311 _bLúcia _c55 _dLúcia Elande |
||
| 942 |
_2AGRIS _n0 _cANA |
||
| 999 |
_c249486 _d249486 |
||